A protestantismus' köztörténeti fejleménye, különös figyelemmel Magyar- és Erdélyországra több részböl dr. Alzog-ot követve

Bibliographic Details
Main Authors: Udvardy, Ignácz (Author), Alzog, Johann, 1808-1878 (Author)
Format: Book
Language:Hungarian
PhysicalDescription:vii, 355 s. 22 cm
Published: Veszprémben [s.n.] 1847
Subjects:

MARC

LEADER 00000nam a2200000 a 4500
001 vtls001149212
003 SK-MaSNL
005 20260301153959.0
008 251124s1847 HU r 0 hun
035 |a SNK000092073 
040 |a SNK  |b slo  |c SNK  |e AACR2 
044 |a HU 
080 |a 284(439-31)"1517/185"  |2 2. slo 
100 1 |a Udvardy, Ignácz  |4 aut  |9 516213 
245 1 2 |a A protestantismus' köztörténeti fejleménye, különös figyelemmel Magyar- és Erdélyországra  |b több részböl dr. Alzog-ot követve  |c irta Udvardy Ignácz 
260 |a Veszprémben  |b [s.n.]  |c 1847  |e [S.l.  |f s.n.] 
300 |a vii, 355 s.  |c 22 cm 
650 0 7 |a protestantizmus  |z Sedmohradsko (Maďarsko)  |y 1517-stor. 19. (1. pol.)  |2 SNK  |9 516214 
700 1 |a Alzog, Johann,  |d 1808-1878  |4 aut  |9 516215 
958 |a ONDV 
999 |c 795178  |d 797108 
952 |a SNK  |b SNK  |y PREZ  |7 0  |p 17A0921153  |o snkSC 24204  |i snkF 3198/68  |8 5  |0 0  |1 0  |4 0  |d 2000-11-29  |l 0  |r 2005-01-01 00:00:00  |w 2026-02-24 
952 |a SNK  |b SNK  |y VYP  |7 0  |p 17A0260774  |o snkSC 24204 D1  |i snkF 911/2000  |8 5  |0 0  |1 0  |4 0  |d 2000-11-29  |l 0  |r 2005-01-01 00:00:00  |w 2026-02-24